LEADER 01278nam a2200289 4500 001 000000352218 003 CaOOAMICUS 005 20221118125124.0 008 221111s2006 it 000 u ita r 020 $a88-548-0489-0* 040 $aSeMil$bita 100 1 $aSoverini, Paolo.$0(OLS)http://semarc/name/55310 245 10$aAspetti della rappresentazione degli imperatori nella storiografia tardo-antica /$cPaolo Soverini. 264 1$aRoma :$bAracne,$c2006. 300 $a71 p. ;$c24 cm 490 1 $aA10 ;$v174 650 4$aCiviltà Tardoantica.$0(OLS)http://semarc/subject/41245 650 4$aStoriografia antica.$0(OLS)http://semarc/subject/11906 650 4$aPrincipi e imperatori - Rappresentazioni - Storia.$0(OLS)http://semarc/subject/53186 830 0$aA10 ;$v174.$0(OLS)http://semarc/title/442017 850 $aSeMil 852 $aSeMil$W1$xVenegono$y1$m3S IV 14$j235656$B243398$CSeMilBibl$Z2$F243398 $81 961 $aPerego don Stefano - Omaggio 996 $6020$a88-548-0489-0*$9(OLS)http://semarc/number/297138 996 $6245$aAspetti della rappresentazione degli imperatori nella storiografia tardo-antica$9(OLS)http://semarc/title/442016 996 $6264$aRoma :$bAracne$9(OLS)http://semarc/publisher/33569 LEADER 00507nas a2200169 i 4500 001 000000194795 003 CaOOAMICUS 005 20101125000000.0 008 101125b1912 it uu u0 0ita r 013 $a173456 040 $aSeMil$bita 245 10$a1912 :$b[1]. 774 0 $t[Gennaio-Aprile].$w()274194 850 $aSeMil 852 $aSeMil$W1$xVenegono$y1$m111 3 21$j145364$B145364$CSeMilBibl$Z2$F156930 $82 961 $aRecupero: Scuola Cattolica 996 $6245$a1912 :$b[1]$9(OLS)http://semarc/title/280930